[Event "Malmo"]
[Site "Malmo"]
[Date "1992.??.??"]
[Round "?"]
[White "Sokolov, Ivan"]
[Black "Sjodahl, Pontus"]
[Result "*"]
[WhiteElo "2625"]
[BlackElo "2325"]
[Annotator "ChessBase"]
[PlyCount "31"]
[EventDate "1992.??.??"]
[EventType "swiss"]
[EventRounds "5"]
[EventCountry "SWE"]
[SourceTitle "EXT 1999"]
[Source "ChessBase"]
[SourceDate "1998.11.16"]
[SourceVersion "1"]
[SourceVersionDate "1998.11.16"]
[SourceQuality "1"]

1. c4 c5 2. Nf3 Nf6 3. Nc3 Nc6 4. d4 cxd4 5. Nxd4 e6 6. a3 Bc5 7. Nb3 Be7 8. e4
b6 9. f4 (9. Be2) 9... d6 10. Bd3 $5 Bb7 11. O-O O-O 12. Be3 Rc8 (12... Nd7 $5)
13. Rc1 a6 (13... Nd7) 14. Kh1 Nb8 15. Nd4 Nbd7 16. b4 $16 *

[Event "AUT-ch"]
[Site "Voitsberg"]
[Date "1995.??.??"]
[Round "3"]
[White "Casagrande, Harald"]
[Black "Wittmann, Walter"]
[Result "1/2-1/2"]
[WhiteElo "2340"]
[BlackElo "2380"]
[Annotator "ChessBase"]
[PlyCount "57"]
[EventDate "1995.??.??"]
[EventType "tourn"]
[EventRounds "15"]
[EventCountry "AUT"]
[EventCategory "5"]
[SourceTitle "CBM 049 Extra"]
[Source "ChessBase"]
[SourceDate "1996.01.01"]
[SourceVersion "1"]
[SourceVersionDate "1996.01.01"]
[SourceQuality "1"]

1. d4 Nf6 2. Nf3 e6 3. c4 c5 4. Nc3 cxd4 5. Nxd4 Nc6 6. Bf4 d5 7. Ndb5 e5 8.
cxd5 exf4 9. dxc6 bxc6 10. Qxd8+ Kxd8 11. Rd1+ Bd7 12. Nd6 Kc7 (12... Rb8 $5)
13. Nxf7 Rg8 14. g3 Rb8 15. Bg2 Rxb2 16. O-O fxg3 17. hxg3 Bb4 18. Rc1 Bxc3 19.
Rxc3 Rxe2 20. Rfc1 $2 (20. Ra3 $142) 20... Rge8 21. f4 Re1+ (21... R8e3 22. Ne5
Rxc3 23. Rxc3 Rxa2 24. Nxd7 Kxd7 25. Bxc6+ Kd6 26. Bf3 $17) 22. Rxe1 Rxe1+ 23.
Kf2 Ne4+ 24. Bxe4 Rxe4 25. Ra3 Re7 26. Ne5 Kb7 27. Rb3+ Kc7 28. Ra3 Kb7 29.
Rb3+ 1/2-1/2

[Event "Haninge"]
[Site "Haninge"]
[Date "1989.??.??"]
[Round "?"]
[White "Ftacnik, Lubomir"]
[Black "Sax, Gyula"]
[Result "1/2-1/2"]
[WhiteElo "2550"]
[BlackElo "2610"]
[Annotator "ChessBase"]
[PlyCount "36"]
[EventDate "1989.??.??"]
[EventType "tourn"]
[EventRounds "11"]
[EventCountry "SWE"]
[EventCategory "13"]
[SourceTitle "CBM 013"]
[Source "ChessBase"]
[SourceDate "1989.12.01"]
[SourceVersion "1"]
[SourceVersionDate "1989.12.01"]
[SourceQuality "1"]

1. c4 c5 2. Nf3 Nf6 3. Nc3 Nc6 4. d4 cxd4 5. Nxd4 Qb6 6. Nb3 e6 7. g3 Ne5 8. e4
Bb4 9. Qe2 (9. f4 $2 Nxe4 $1 $17) 9... d6 10. f4 Nc6 11. Be3 Bxc3+ 12. bxc3 Qc7
13. Bg2 O-O 14. c5 dxc5 15. Bxc5 Rd8 16. e5 Na5 17. Qb5 Nxb3 18. axb3 Bd7 {
(Ftacnik)} (18... Bd7 19. Qc4 b5 $1 (19... Bc6 20. Bd6 Qb6 21. Bc5 Qc7 $10) 20.
Qd4 (20. Qb4 a5 21. Qa3 b4 $1 22. cxb4 axb4 23. Qxa8 Rxa8 24. Rxa8+ Ne8 25.
Bxb4) 20... Bc6 21. Bd6 Qb7 $1 (21... Bxg2 22. Bxc7 Rxd4 23. cxd4 Bxh1 24. exf6
$10) 22. Bxc6 Qxc6 23. O-O Ne4 24. Rxa7 Rxa7 25. Qxa7 Qxc3 (25... Nd2 26. Qc7
$1 {(Sax)}) 26. Qc7 Qd4+ 27. Kh1 $13 {(Bulletin:Ftacnik)}) 1/2-1/2

[Event "Dornbirn op"]
[Site "Dornbirn"]
[Date "1990.??.??"]
[Round "?"]
[White "Gschnitzer, Oswald"]
[Black "Horvath, Jozsef"]
[Result "1-0"]
[WhiteElo "2420"]
[BlackElo "2525"]
[Annotator "ChessBase"]
[PlyCount "55"]
[EventDate "1990.??.??"]
[EventType "swiss"]
[EventRounds "9"]
[EventCountry "AUT"]
[SourceTitle "EXT 1997"]
[Source "ChessBase"]
[SourceDate "1996.11.15"]
[SourceVersion "1"]
[SourceVersionDate "1996.11.15"]
[SourceQuality "1"]

1. Nf3 Nf6 2. c4 c5 3. Nc3 Nc6 4. d4 cxd4 5. Nxd4 e6 6. g3 Qb6 7. Nb3 Ne5 8. e4
Bb4 9. Qe2 d6 10. Bd2 O-O 11. O-O-O Nc6 12. g4 Nd7 13. Be3 Nc5 14. Nxc5 dxc5
15. Na4 Qa6 16. Qc2 Nd4 17. Bxd4 cxd4 18. Rxd4 e5 19. Rd5 Bxg4 20. Kb1 Rac8 21.
Rxe5 Qf6 22. Rd5 b5 $6 (22... Bf3 23. Rg1 Qh4 24. Bd3 Rfe8 $13) 23. Rxb5 Qf3
24. Rg1 Rfd8 25. Bd3 Rxd3 26. Rxb4 Rcd8 27. Nc3 Rd2 $4 28. Qxd2 1-0

[Event "AUT-chT"]
[Site "Austria"]
[Date "1989.??.??"]
[Round "?"]
[White "Hanel, Reinhard"]
[Black "Hoelzl, Franz"]
[Result "0-1"]
[WhiteElo "2375"]
[BlackElo "2350"]
[Annotator "ChessBase"]
[PlyCount "66"]
[EventDate "1989.??.??"]
[EventType "team"]
[EventRounds "11"]
[EventCountry "AUT"]
[SourceTitle "TD"]
[Source "ChessBase"]
[SourceDate "1994.03.01"]
[SourceVersion "1"]
[SourceVersionDate "1994.03.01"]
[SourceQuality "1"]

1. c4 Nf6 2. Nc3 c5 3. Nf3 Nc6 4. d4 cxd4 5. Nxd4 e6 6. g3 Qb6 7. Nb3 Ne5 8. e4
Bb4 9. Qe2 d6 $5 {Bis hierher hatte ich die Variante schon einige Male geuebt,
u.a. gegen Dan- ner, Titz und Swoboda.} 10. f4 Nc6 $1 {Meines Wissens neu.
Bislang pflegte man hier weniger stark mit 10... Sg6 oder 10... Sd7
fortzufahren.} 11. Bg2 $6 {Im Nachhinein halte ich 11.Le3 fuer staerker.
Allerdings folge ich mit dem Textzug, ohne es zu wissen, eine Partie von
Portisch.} e5 $1 12. Bd2 $1 (12. Be3 $2 Nd4 $1 13. Qd3 Nc2+ $19) 12... O-O {
Portisch spielte hier Sb5 und geriet in eine schlechtere Stellung, die er al-
lerdings noch gewinnen konnte. Mit dem Textzug folge ich - ohne es zu wissen -
einer Emfpehlung Adorjans, der die Stellung etwa gleich einschaetzt.} 13. Nd5
$2 {Zu versuchen war 13.f5!?.} Nxd5 14. cxd5 Bxd2+ 15. Qxd2 Nb4 $1 16. a3 {
Weiss sucht sein Heil in einem Bauernopfer.} Nxd5 $1 17. exd5 (17. Qxd5 Be6 $19
) 17... Re8 $5 {Auf 17... Dxb3 18.0-0 exf4 19.Txf4 hat Weiss fuer den Bauern
etwas Enwick- lungsvorsprung und Raumvorteil, was moeglicherweise zum
Ausgleich gereicht haette.} 18. Nc1 $1 (18. Qd3 exf4+ 19. Kf1 Re3 $19) (18. f5
Qxb3 19. f6 $1 Bf5 $3 20. O-O Bg6 {und Schwarz verfuegt neben dem 'gedeckten'
Mehrbauern auch ueber eine bomben- sichere Koenigsstellung.}) (18. Qc2 exf4+
19. Kf1 Re3 20. Nd2 Qa6+ 21. Kg1 (21. Qc4 f3 $1) 21... Re2 {und nichts geht
mehr.}) (18. Qd1 exf4+ 19. Kf1 f3 20. Bxf3 (20. Qxf3 Re3 $19) 20... Bh3+ 21.
Bg2 Qb5+ 22. Kf2 Bxg2 23. Kxg2 Re2+ 24. Kg1 (24. Kh3 Qd7+ {nebst baldigem Matt,
ebenso nach 24.Kf3 Tae8 usw.}) 24... Rae8 $1 {und es ist nicht zu sehen, wie
der Anziehende die schwarzen Drohungen pa- rieren sollte.}) (18. Qb4 Qe3+ {
mit baldigem Gewinn.}) 18... exf4+ 19. Kf1 Bd7 $2 {Nach Einschaltung von 19. ..
.Te3! mit der Drohung 20... f3 ist 20.gxf4 er- zwungen - und erst dann 20...
Ld7! konnte Weiss das Handtuch werfen.} 20. Bf3 $1 {Das waere auf 19... Te3
nicht moeglich gewesen.} Bh3+ 21. Bg2 Qb5+ 22. Kf2 {Jedoch nicht 22.Dd3??
Lxg2+ nebst 23... Dxb2+ mit Turmverlust.} Qc5+ 23. Kf1 {Remis?} Qc4+ $6 24. Qd3
$1 Qc8 25. gxf4 Bxg2+ $2 {25... Dg4! 26.Lxh3 Dxf4+ haette
hoechstwahrscheinlich Dauerschach erzwungen.} 26. Kxg2 Qg4+ 27. Qg3 Qf5 (27...
Re2+ $2 28. Nxe2 Qxe2+ 29. Qf2 Qg4+ 30. Kf1 Qh3+ 31. Qg2 Qd3+ 32. Qe2 Qh3+ 33.
Kg1 $18) 28. Rf1 $1 Qxd5+ 29. Qf3 Qd4 30. Rf2 Re6 31. Qd3 Qb6 $1 {Das sollte
natuerlich ebenso verlieren wie alles andere, gibt Weiss jedoch noch die
Moeglichkeit zu einem spektakulaeren Selbstfaller.} 32. Nb3 Re3 33. Qd4 Rxb3 {
[FM R. Hanel]} 0-1

[Event "Vlissingen HZ op 03rd"]
[Site "Vlissingen"]
[Date "1999.08.13"]
[Round "5"]
[White "Chuchelov, Vladimir"]
[Black "Baklan, Vladimir"]
[Result "1/2-1/2"]
[WhiteElo "2533"]
[BlackElo "2591"]
[Annotator "Chuchelov,V"]
[PlyCount "67"]
[EventDate "1999.08.09"]
[EventType "swiss"]
[EventRounds "7"]
[EventCountry "NED"]
[SourceTitle "EXT 2000"]
[Source "ChessBase"]
[SourceDate "1999.11.16"]
[SourceVersion "1"]
[SourceVersionDate "1999.11.16"]
[SourceQuality "1"]

1. Nf3 c5 2. c4 Nc6 3. d4 cxd4 4. Nxd4 Nf6 5. Nc3 e6 6. a3 Qc7 7. Bg5 a6 $6 (
7... Nxd4 8. Qxd4 Bc5 9. Qd2 $14) 8. Bxf6 $1 gxf6 9. e3 f5 10. Be2 Bg7 11. O-O
f4 12. Nxc6 $1 bxc6 13. exf4 Qxf4 14. c5 $16 Rb8 15. Qc2 Bd4 16. Na4 h5 17.
Rad1 h4 18. Qc4 $2 (18. Rxd4 $3 Qxd4 19. Rd1 Qe5 20. b4 Rg8 21. Bf1 $16) 18...
Be5 19. Qxf4 Bxf4 20. g3 Bc7 21. Rd4 hxg3 22. hxg3 (22. fxg3 a5 $132) 22... Ke7
23. Rc1 a5 $11 24. Rc2 Rb3 25. Kg2 Rd8 26. Rh4 Be5 27. Bc4 Rb8 28. Rh5 Bf6 29.
Be2 Rh8 30. Rxh8 Bxh8 31. Nb6 Be5 32. b4 axb4 33. axb4 Bc7 34. Nxc8+ 1/2-1/2

[Event "Beersheba"]
[Site "Beersheba"]
[Date "1992.??.??"]
[Round "9"]
[White "Kortschnoj, Viktor Lvovich"]
[Black "Greenfeld, Alon"]
[Result "0-1"]
[WhiteElo "2585"]
[BlackElo "2520"]
[Annotator "Dautov,R"]
[PlyCount "60"]
[EventDate "1992.03.??"]
[EventType "schev"]
[EventRounds "3"]
[EventCountry "ISR"]
[SourceTitle "CBM 030"]
[Source "ChessBase"]
[SourceDate "1992.10.01"]
[SourceVersion "1"]
[SourceVersionDate "1992.10.01"]
[SourceQuality "1"]

1. c4 {Ribli} c5 2. Nf3 Nf6 3. Nc3 Nc6 4. d4 cxd4 5. Nxd4 e6 6. a3 Be7 7. e4 (
7. g3 d5 8. Bg2 O-O 9. O-O $14) (7. e3 d5 8. cxd5 exd5 9. Bb5 Bd7 10. Nf3 a6
11. Be2 Bg4 12. h3 Bh5 13. Nh4 Bxe2 14. Nxe2 Ne4 15. Nf3 Bf6 $10 {Kortschnoj,
V-Sax,G Wijk 1991}) (7. Bf4 d5 8. cxd5 Nxd5 9. Nxc6 bxc6 10. Bd2 Bf6 11. Qc2
O-O 12. e3 Rb8 13. Bd3 h6 14. O-O Qb6 15. Rab1 Ba6 16. Bxa6 Nxc3 17. Bxc3 Bxc3
18. Qxc3 Qxa6 $10 {Speelman,J-Lutz,C Munich 1992}) (7. Bg5 h6 8. Bh4 Qb6 9. e3
O-O) 7... O-O (7... d5 $2 8. cxd5 exd5 9. Bb5 $16) 8. Nb3 {N} (8. Be2 d5 9.
exd5 exd5 10. Nxc6 bxc6 11. cxd5 Nxd5 12. Nxd5 cxd5 13. O-O Bf6 14. Bd3 a5 15.
Qc2 g6 16. Bf4 Qb6 17. Rab1 Ba6 {1/4:1/4 Bagirov,V-Schlosser,P Brno-B 1991})
8... b6 9. Be2 Bb7 10. Bf4 (10. O-O d6 11. f4 $5 Rc8 12. Be3 Nb8 13. Bd3 Nbd7
14. g4 Nc5 15. Nxc5 bxc5 16. g5 Nd7 $14) 10... d6 11. O-O Rc8 12. Bg3 (12. Rc1
$142 Ne5 13. Nd2 Ng6 14. Bg3 d5 $140 $2 15. cxd5 exd5 16. e5 Ne4 17. Ndxe4 dxe4
18. Qa4 $16) 12... Ne5 13. Nd2 g5 $1 14. b3 Ng6 15. Re1 (15. Rc1 a6 16. a4 Kg7
17. Nf3 Nh5 18. Nd4 Nhf4 $36) 15... a6 16. a4 Kg7 17. Rc1 Rh8 18. Nf3 $2 (18.
Bf1 h5 19. f3 g4 20. Bf2 $13) 18... h5 $1 19. e5 $2 (19. h4 g4 20. Nd4 Nd7 $17)
(19. h3 $142 h4 (19... g4 20. Nh4 Nxh4 21. Bxh4 gxh3 22. gxh3) 20. Bh2 g4 21.
hxg4 Nxg4 $40) 19... dxe5 20. Nxe5 (20. Bxe5 {Ribli} g4 21. Bxf6+ Bxf6 $17)
20... h4 21. Nxg6 (21. Qxd8 $1 {Ribli} Rhxd8 22. Nxg6 Kxg6 23. Be5 $15) 21...
hxg3 22. Nxh8 (22. Qxd8 gxf2+ 23. Kxf2 Bc5+ 24. Kf1 Rxh2 $19 (24... Rhxd8 $17 {
Ribli})) 22... gxf2+ 23. Kxf2 Bc5+ 24. Kf1 Qxh8 25. Qd2 (25. h3 Qh4 $19) (25.
Bf3 Qxh2 26. Bxb7 Qg1+ 27. Ke2 Qe3+) 25... Qxh2 $19 26. Qxg5+ Kf8 27. Bd1 (27.
Bd3 Nh5 (27... Qg1+ 28. Ke2 Qf2+ 29. Kd1 Rd8 30. Qd2) 28. Ke2 Nf4+ 29. Kd2 Be7
30. Qg4 Rd8 31. Re3 Nxd3 32. Rxd3 Qh6+ 33. Kc2 Rxd3 $19) 27... Qg1+ 28. Ke2
Qf2+ 29. Kd3 Rd8+ 30. Nd5 Bxd5 0-1

[Event "Moscow International-A"]
[Site "Moscow"]
[Date "1985.04.??"]
[Round "?"]
[White "Razuvaev, Yuri S"]
[Black "Polugaevsky, Lev"]
[Result "1-0"]
[WhiteElo "2520"]
[BlackElo "2625"]
[Annotator "Dolmatov,S"]
[PlyCount "39"]
[EventDate "1985.04.12"]
[EventType "tourn"]
[EventRounds "11"]
[EventCountry "URS"]
[EventCategory "13"]
[SourceTitle "MCL"]
[Source "ChessBase"]
[SourceDate "1999.07.01"]
[SourceVersion "1"]
[SourceVersionDate "1999.07.01"]
[SourceQuality "1"]

1. Nf3 Nf6 2. c4 c5 3. Nc3 e6 4. d4 cxd4 5. Nxd4 Nc6 6. g3 Bc5 7. Nb3 Bb4 8.
Bg2 d5 9. cxd5 Nxd5 10. O-O $5 (10. a3 $6 Bxc3+ (10... Nxc3 $2 11. Qxd8+ Kxd8
12. axb4 Nd5 13. Bxd5 exd5 14. b5 $16) 11. bxc3 O-O 12. Qc2 Qc7 13. c4 Ne5 14.
c5 b6 $10 {Mortensen,E-Parma,B/Kiel/1978/ Inf 25/71/}) 10... Nxc3 11. bxc3 Qxd1
12. Rxd1 Bxc3 13. Rb1 O-O 14. Nc5 e5 $6 (14... Rd8 $5) (14... Nd4 15. Kf1 e5) (
14... Nd8 $6 15. Ba3 Re8 16. Na6 Ba5 17. Rb5 bxa6 18. Rxa5 $16 {Christiasen,
L-Radulov,I/Surakarta/1982/ Inf 33/68/}) 15. Ba3 Bf5 (15... Re8 16. Nxb7 Bxb7
17. Rxb7 $16) 16. Rxb7 $16 Na5 (16... Nd4 $5 17. e3 Bg4 18. Rd3 $16) 17. Rc7
Rac8 18. Na6 $1 Rfd8 $2 (18... Rfe8 19. Rc1 Bd4 20. Bd5 $16) 19. Rxd8+ Rxd8 20.
Rxc3 (20. Rxc3 Rd1+ 21. Bf1 Bh3 22. Rc1 $18) 1-0

[Event "Oslo"]
[Site "Oslo"]
[Date "1986.??.??"]
[Round "?"]
[White "Helmers, Knut Jaran"]
[Black "Ogaard, Leif"]
[Result "1/2-1/2"]
[WhiteElo "2455"]
[BlackElo "2430"]
[Annotator "Dolmatov,S"]
[PlyCount "68"]
[EventDate "1986.03.??"]
[EventType "tourn"]
[EventRounds "9"]
[EventCountry "NOR"]
[EventCategory "7"]
[SourceTitle "MCL"]
[Source "ChessBase"]
[SourceDate "1999.07.01"]
[SourceVersion "1"]
[SourceVersionDate "1999.07.01"]
[SourceQuality "1"]

1. Nf3 Nf6 2. c4 c5 3. Nc3 Nc6 4. d4 cxd4 5. Nxd4 e6 6. g3 Qb6 7. Nb3 Ne5 8. e4
Bb4 9. Qe2 O-O 10. f4 Nc6 11. Be3 Qc7 12. Bg2 b6 (12... Bxc3+ 13. bxc3 d6) (
12... d5 13. e5 Ne4 14. O-O Bxc3 15. cxd5 exd5 16. bxc3 b6 17. Rac1 $16 {
Kortschnoj,V-Spassky,B/Belgrade m/1977/}) 13. Rc1 Ba6 14. O-O (14. e5 $2 Nd5)
14... Bxc3 15. Rxc3 d5 16. e5 Nd7 17. Qf3 Rac8 (17... dxc4 $2 18. Qxc6 Qxc6 19.
Bxc6 cxb3 20. Rd1 $16) 18. cxd5 Bxf1 19. Kxf1 $6 (19. Rxc6 Bxg2 20. Qxg2 Qb7
$17) (19. Qxf1 $5 exd5 20. Nd4 $5 (20. Bxd5 Nc5 21. Nxc5 bxc5 22. Bxc5 Rfd8 23.
Bd6 Qb6+) 20... Nc5 (20... Qb7 21. Bxd5 $16) 21. Nxc6 Qxc6 22. b4 Qd7 (22...
Qa4 23. bxc5 d4 24. Rc4 $16) 23. bxc5 d4 24. c6 $16) 19... exd5 20. Qxd5 Ndb8 (
20... Ne7 21. Qd2 Qd8 22. Rd3 $16) 21. Nd4 Ne7 22. Qb3 Qd7 23. e6 $44 Rxc3 24.
bxc3 Qd6 $1 $10 (24... fxe6 $2 25. Nxe6 Rf7 26. Ng5 $18) 25. exf7+ Rxf7 26. Bh3
Kf8 27. Ne6+ Ke8 28. Bd4 Nbc6 29. Nxg7+ Rxg7 30. Bxg7 Qd3+ 31. Kf2 Qd2+ 32. Kg1
Qe3+ 33. Kf1 Qf3+ 34. Kg1 (34. Ke1 Qe3+ 35. Kd1 $4 Qg1+ $17) 34... Qe3+ 1/2-1/2

[Event "BCF-chTa 1920 (4NCL)"]
[Site "Daventry"]
[Date "2020.02.09"]
[Round "6.14"]
[White "Harvey, Marcus Ross"]
[Black "Edouard, Romain"]
[Result "0-1"]
[WhiteElo "2419"]
[BlackElo "2640"]
[Annotator "Edouard,R"]
[PlyCount "100"]
[EventDate "2019.11.09"]
[EventType "team-tourn"]
[EventRounds "11"]
[EventCountry "ENG"]
[SourceTitle "CBM 195 Extra"]
[Source "ChessBase"]
[SourceDate "2020.05.31"]
[SourceVersion "1"]
[SourceVersionDate "2020.05.31"]
[SourceQuality "1"]
[WhiteTeam "Wood Green"]
[BlackTeam "Guildford"]
[WhiteTeamCountry "ENG"]
[BlackTeamCountry "ENG"]

1. Nf3 c5 2. c4 Nc6 3. d4 cxd4 4. Nxd4 Nf6 5. Nc3 e6 6. a3 Bc5 7. Ndb5 (7. Nb3
{is definitely the main line, with lots of critical variations:} Bb6 8. c5 (8.
e4 $6 d5 $1 9. exd5 exd5 10. cxd5 (10. Nxd5 Nxd5 11. cxd5 Qf6 12. Qf3 Qxf3 13.
gxf3 Ne5 14. Be2 Bf5 $44 {½-½ (68) Aronian,L (2805)-Howell,D (2676) Riyadh
2017}) 10... Ng4 11. Qe2+ Ne7 12. Be3 (12. Ne4 Qxd5 13. Qb5+ Bd7 14. Qxd5 Nxd5
15. h3 Ngf6 16. Nd6+ Ke7 17. Nc4 Bc7 18. Be2 Rhe8 19. O-O Kf8 $36 {0-1 (72)
Huang,Q (2450)-Ju Wenjun,- (2558) CHN 2016}) 12... Nxe3 13. fxe3 O-O 14. O-O-O
Ng6 15. e4 Ne5 $44 {0-1 (71) Tan Zhongyi (2496)-Muzychuk,A (2558) Doha 2016}) (
8. Bf4 d5 9. c5 Bc7 10. Bxc7 Qxc7 11. Nb5 Qe5 (11... Qb8 12. Nd6+ Ke7 13. Nd2
b6 14. b4 a5 15. b5 Na7 16. cxb6 Qxd6 17. bxa7 Rxa7 $13 {1/2-1/2 (35) Rapport,
R (2731)-Navara,D (2744) CZE 2016}) 12. Nd6+ Ke7 13. Qc1 d4 (13... b6 $2 14. f4
$16) 14. f4 Qe3 15. Qxe3 dxe3 16. g3 a5 17. Bg2 a4 18. Nc1 Nd7 (18... Nd4 $1
19. O-O Nd7 $44) 19. Nd3 Nxc5 20. Nxc8+ Raxc8 21. Nxc5 Nd4 22. Rc1 b6 23. Nd3
Rxc1+ 24. Nxc1 Rc8 25. Nd3 Rc2 26. Bf3 Nxf3+ 27. exf3 $14 {1-0 (43) Navara,D 
(2742)-Kasimdzhanov,R (2696) AZE 2016}) 8... Bc7 9. Bg5 (9. g3 O-O 10. Bg2 b6
11. O-O Be5 (11... Rb8 $5) 12. a4 bxc5 (12... Rb8 $5) 13. Nxc5 d5 14. e4 Rb8
15. exd5 Nxd5 16. Nxd5 exd5 17. Qxd5 Qxd5 18. Bxd5 Nd4 19. Be3 Bh3 20. Bg2 Bxg2
21. Kxg2 Nc2 22. Nd7 Nxe3+ 23. fxe3 Rxb2+ 24. Kf3 Re8 $11 {½-½ (27) Matlakov,
M (2718)-Svidler,P (2768) Wijk aan Zee 2018}) 9... h6 10. Bh4 O-O $5 (10... Be5
$5) (10... b6 $5) 11. e3 d5 12. cxd6 Qxd6 13. Bxf6 Qxd1+ 14. Rxd1 gxf6 15. Nb5
Be5 16. f4 Bxb2 17. Rd2 a6 18. Nc7 Ra7 19. Rxb2 b6 20. Nb5 axb5 21. Bxb5 Ne7
$11 {½-½ (40) Navara,D (2741)-Svidler,P (2753) Biel 2018}) 7... O-O 8. Bf4 $6
a6 $6 ({I have no idea what my opponent wanted after} 8... e5 $1 9. Bg3 (9. Bg5
$2 Bxf2+ $17) 9... d6 10. b4 (10. Na4 a6 11. Nbc3 Ba7 $15) 10... a6 11. bxc5
axb5 12. cxb5 Nd4 13. cxd6 Bf5 14. e4 Qa5 $19) 9. Bc7 Qe7 10. Bd6 Bxd6 11. Nxd6
Ne8 12. c5 (12. Nxe8 Rxe8 13. e3 Rd8 14. Bd3 d5 15. cxd5 exd5 {½-½ (15)
Zubarev,A (2517)-Banikas,H (2571) Athens 2008}) 12... Rb8 13. e3 Nxd6 14. Qxd6
(14. cxd6 Qf6 $13) 14... Qxd6 15. cxd6 {The d6-pawn is a strength (short-term)
and a weakness at the same time (middle-term/long-term).} b5 16. Ne4 Rb6 17.
Be2 Nd8 (17... Ne5 $5) 18. O-O Nb7 19. Rac1 f5 20. Nc5 Nxd6 (20... Rxd6 21. Bf3
Na5 {was the other option.}) 21. Rfd1 Kf7 22. Nd3 Ke7 23. Ne5 f4 $5 (23... Nf7
{was the other option. After} 24. Nxf7 Kxf7 25. Rc7 Rc6 {White still struggles
to prove compensation.}) 24. exf4 (24. Bd3 fxe3 25. fxe3 Nf5 $15) 24... Rxf4
25. Bd3 (25. Rxc8 Nxc8 $1 (25... Re4 26. Nxd7 Nxc8 27. Nxb6 Nxb6 28. Rd2 $11)
26. Rxd7+ Ke8 27. Rxg7 Re4 28. Bh5+ Kf8 29. Rf7+ Kg8 30. f4 Nd6 $15) 25... Rd4
{The point! It is very important to exchange one pair of rooks to make my play
easier.} 26. Bxh7 Rxd1+ 27. Rxd1 Nc4 28. Ng6+ $6 {Wrong direction.} ({Better
was} 28. Nd3) 28... Kd8 29. b3 Nxa3 30. Ne5 a5 31. h4 d6 32. g4 $2 (32. Be4 Bd7
$17) 32... Bb7 {Now Black wants ...Bd5 and the game is over.} 33. Rd3 Bd5 34.
Ng6 Be4 35. Re3 d5 36. Nf8 Nc2 37. Re2 Nd4 38. Re3 Bxh7 39. Nxh7 b4 40. Ng5 (
40. h5 a4 $19) 40... a4 41. bxa4 b3 42. Re1 b2 43. Rb1 Ne2+ 44. Kg2 Nc3 45.
Nxe6+ Kd7 46. Rxb2 (46. a5 Nxb1 47. axb6 Nc3 $19) 46... Rxb2 47. Nxg7 d4 48.
Nf5 d3 49. Ne3 d2 50. h5 Nd5 0-1

[Event "Gibraltar Masters 12th"]
[Site "Caleta"]
[Date "2014.01.29"]
[Round "2"]
[White "Roeder, Mathias"]
[Black "Edouard, Romain"]
[Result "0-1"]
[WhiteElo "2423"]
[BlackElo "2658"]
[Annotator "Edouard,R"]
[PlyCount "94"]
[EventDate "2014.01.28"]
[EventType "swiss"]
[EventRounds "10"]
[EventCountry "GGB"]
[SourceTitle "CBM 159"]
[Source "ChessBase"]
[SourceDate "2014.03.17"]
[SourceVersion "1"]
[SourceVersionDate "2014.03.17"]
[SourceQuality "1"]

1. Nf3 c5 2. c4 Nc6 3. d4 cxd4 4. Nxd4 Nf6 5. Nc3 e6 6. a3 Be7 7. e4 O-O 8. Be2
Qc7 9. Nf3 b6 10. Bg5 $6 {A wrong move order.} (10. O-O Bb7 11. Bg5 {has to be
played.}) 10... h6 $1 $146 ({I already had one game in that line, with the
very same move order, and could not realise it was bad. I went} 10... Bb7 11.
O-O {1-0 (29) Xiu,D (2508)-Edouard,R (2634) Moscow RUS 2011; that transposes
to the main line, and lost in spite of a decent position.}) 11. Bh4 Nxe4 $1 {
A quite nice trick.} 12. Nxe4 (12. Bxe7 {might be a better chance but after}
Nxc3 13. Qd6 Qxd6 14. Bxd6 Nxe2 15. Bxf8 Nf4 16. Bd6 Nd3+ 17. Kd2 Nxf2 {
Black's position is more pleasant.} ({Or} 17... Nxb2)) 12... Bxh4 13. Nxh4 Qf4
14. Nd6 Qxh4 15. O-O Qf4 16. Bf3 (16. Qd3 {might have been the best chance for
White but anyway after} Nd4 17. Rfd1 Qxd6 18. Qxd4 Qxd4 19. Rxd4 Rb8 {White is
far from having enough compensation.}) 16... Rb8 17. g3 Qe5 18. Nxc8 $2 (18.
Bxc6 dxc6 19. b4 {was the best chance but after something like} Ba6 $5 {
White is quite far from solving his problems.}) 18... Rbxc8 19. Qxd7 {White
gets the pawn back, at least temporarily, but enters a strategically lost
position.} Rfd8 20. Qb7 Rc7 21. Qa6 Nd4 22. Bg2 (22. Bd1 Qe4 $19 {White is
dominated.}) 22... Ne2+ 23. Kh1 Qxb2 24. a4 Nc3 $1 {Dominating the white rooks,
and eliminating White's chances to exchange all the pawns of the queenside,
which would increase drawing chances.} 25. a5 Qb3 $5 26. axb6 axb6 27. Rfc1 (
27. Ra3 Qb4 $19) 27... Rxc4 28. Qa3 Qxa3 29. Rxa3 Rd1+ (29... Rdc8 $5 30. Bf1
R4c5 $19) (29... Nb5 $5 30. Raa1 Rxc1+ 31. Rxc1 Rd2 $19) 30. Rxd1 Nxd1 31. Kg1
Kf8 32. Bf1 Rc2 33. Ra8+ (33. f4 Rb2 $19) 33... Ke7 34. Ra7+ Kf6 35. Bb5 Nxf2
36. Be8 Nh3+ 37. Kh1 g5 $1 38. Rxf7+ Ke5 39. Ba4 (39. Rf1 $8 Rb2 $19) 39...
Rc1+ 40. Kg2 g4 41. Rf1 Rxf1 42. Kxf1 Ng5 43. Kf2 Kd4 44. Be8 Ne4+ 45. Ke2 Nf6
46. Bf7 e5 47. Be6 b5 0-1